header

Protection of the right to seek and obtain asylum under the African human rights system (Record no. 65398)

MARC details
000 -LEADER
fixed length control field 01297nam a2200337 a 4500
082 04 - DEWEY DECIMAL CLASSIFICATION NUMBER
Classification number 342.608/3
100 1# - MAIN ENTRY--AUTHOR NAME
Personal name Beyani, Chaloka.
245 10 - TITLE STATEMENT
Title Protection of the right to seek and obtain asylum under the African human rights system
260 ## - PUBLICATION, DISTRIBUTION, ETC. (IMPRINT)
Place of publication Leiden ;
-- Boston :
Name of publisher M. Nijhoff,
Year of publication 2012.
300 ## - PHYSICAL DESCRIPTION
Number of Pages xvii, 283 p.
500 ## - GENERAL NOTE
General note Includes index.
650 #0 - SUBJECT ADDED ENTRY--TOPICAL TERM
Topical Term Human rights
Topical Term Civil rights
856 40 - ELECTRONIC LOCATION AND ACCESS
Uniform Resource Identifier http://site.ebrary.com/lib/rucke/Doc?id=10658504

No items available.

© 2026 Rongo University
Contact us: librarian | system librarian | Rongo university